Statistics for Who Said What Supernatural Quiz

Click here to take the quiz!

General Stats

  • This quiz has been taken 796 times
  • The average score is 9 of 26

Answer Stats

HintAnswer% Correct
"I hope your apple pie is freakin' worth it!"Dean
96%
"Wait there's no such thing as unicorns?"Sam
95%
"We know a little about a lot of things; just enough to make us dangerous"Dean
71%
"No he's not on any flat bread"Castiel
67%
"I found a liquor store and I drank it"Castiel
64%
"Spent it on ammo"John
54%
"I was drunk. It was comic-con."Charlie
51%
"Good morning Vietnam"Lucifer
49%
"I've been inside your brother, we're practically family"Crowley
34%
"I don't get out of bed for three grand"Bela
30%
"You're a great big bag of dicks"Gabriel
30%
"Best purchase I've made since Dick Cheney."Crowley
28%
"Ed, you've got to go be gay for that poor dead intern"Harry the Ghostfacer
26%
"Oh, I am so not in the mood for this. I've just been shot!"Meg
25%
"I always trust you. And I always end up screwed"Kevin
24%
"Even you have to admit I'm- I'm awesome!"Ruby
23%
"Brains trumps legs, apparently"Bobby
20%
"Is that a molar. I have a molar in my hair... its been a really stressful day..."Chuck
20%
"You turned yourself into a freak. A monster. And now you're not gonna bite? I'm sorry, but that is honestly adorable."Lilith
20%
"You can go straight back to hell you ugly bitch"Ellen
19%
"Damn right REO. Kevin Cronin sings from the heart"Jo
19%
The "End is nigh, the Apocalypse is coming, kiddo. To a theater near you."Zachariah
19%
"Just because he created us doesn't mean he can toy with us, like playthings"Lucifer
16%
"Well, here is one for the list of dumbest things ever. Summon the angel who wants to kill you"Balthazar
13%
"I know the difference between fantasy and reality."Becky
10%
"I know its hard to believe, but I haven't always been this cute and cuddly"Benny
8%

Score Distribution

Percentile by Number Answered

Percent of People with Each Score

Your Score History

You have not taken this quiz